[Event "AUTO-ADV-3084"]
[Site "http://www.queenalice.com/game.php?id=1258898"]
[Date "2014.2.22"]
[Round "1"]
[White "Savage72"]
[Black "worldwide"]
[Result "1-0"]
[WhiteElo "1870"]
[BlackElo "1859"]

1. e4 e5 2. Bc4 Nf6 3. d4 exd4 4. Nf3 Nxe4 5. Qxd4 Nf6 6. Bg5 Be7 7. Nc3 Nc6 8.
Qh4 d5 9. O-O-O Be6 10. Rhe1 Qc8 11. Nxd5 Bxd5 12. Bxd5 Kf8 13. Bxf6 Bxf6 14.
Qh5 Nd8 15. Ng5 Bxg5+ 16. Qxg5 c6 17. Qe7+ 1-0

[Event "AUTO-ADV-3084"]
[Site "http://www.queenalice.com/game.php?id=1258913"]
[Date "2014.2.22"]
[Round "1"]
[White "solzhenitsyn"]
[Black "Savage72"]
[Result "1-0"]
[WhiteElo "1922"]
[BlackElo "1899"]

1. d4 d6 2. e4 Nf6 3. Nc3 Nbd7 4. Bg5 h6 5. Bh4 e5 6. dxe5 dxe5 7. Bc4 Be7 8.
Nf3 c6 9. O-O Qc7 10. Qe2 Nf8 11. Rad1 g5 12. Bg3 Ng6 13. Bxf7+ Kxf7 14. a3 Nf4
15. Bxf4 gxf4 16. Rd2 Rg8 17. Rfd1 Be6 18. Kh1 Bg4 19. h3 Bxf3 20. Qxf3 Rg6 21.
Ne2 Rag8 22. g3 fxg3 23. Nxg3 Qc8 24. Nf5 a5 25. Nxe7 Kxe7 26. Rd6 Rf8 27. Qc3
Kf7 28. Qc4+ Kg7 29. Qd3 Rf7 30. f4 exf4 31. e5 Ne4 32. Rxg6+ Kxg6 33. Qxe4+ Qf5
34. Rd6+ Kg5 35. Qg2+ Kh5 36. Qf3+ 1-0

[Event "AUTO-ADV-3084"]
[Site "http://www.queenalice.com/game.php?id=1258914"]
[Date "2014.2.22"]
[Round "1"]
[White "Savage72"]
[Black "solzhenitsyn"]
[Result "1-0"]
[WhiteElo "1880"]
[BlackElo "1934"]

1. e4 c5 2. Nc3 d6 3. g3 g6 4. Bg2 Bg7 5. d3 Nc6 6. Be3 Nf6 7. h3 O-O 8. Qd2 Nd4
9. Nce2 Nxe2 10. Nxe2 Bd7 11. c3 Qc7 12. f4 Bc6 13. g4 b5 14. Kf2 c4 15. Ng3
cxd3 16. Qxd3 Nd7 17. h4 Nc5 18. Qc2 Rfc8 19. h5 Qb7 20. hxg6 fxg6 21. f5 Be5
22. fxg6 hxg6 23. Rh6 Kg7 24. Rah1 Rh8 25. Rxh8 Rxh8 26. Rxh8 Kxh8 27. Bxc5 dxc5
28. Qd3 Qd7 29. Qxd7 Bxd7 30. Bf3 Bxg3+ 31. Kxg3 e5 32. Kh4 Kg7 33. Kg5 Be6 34.
a3 a5 35. Kh4 Kf6 36. g5+ Ke7 37. Kg3 Kd6 38. Kf2 b4 39. Ke3 Kc6 40. Be2 bxa3
41. bxa3 c4 42. Bd1 Kc5 43. Ba4 Kd6 44. Be8 Bg8 45. Bxg6 Ke7 46. Bf5 Kf7 47. Kf3
Kg7 48. Kg4 Bf7 49. Bd7 Bg6 50. Bc6 Bf7 51. Kf5 Bg8 52. Bd5 Bxd5 53. exd5 e4 54.
Kxe4 1-0

[Event "AUTO-ADV-3084"]
[Site "http://www.queenalice.com/game.php?id=1258923"]
[Date "2014.2.22"]
[Round "1"]
[White "alvm"]
[Black "Savage72"]
[Result "1-0"]
[WhiteElo "1702"]
[BlackElo "1884"]

1. d4 Nf6 2. c4 g6 3. Nc3 Bg7 4. e4 d6 5. Be2 Nbd7 6. Nf3 c6 7. O-O e5 8. Bg5 h6
9. Be3 Qc7 10. Rc1 g5 11. d5 Nf8 12. c5 dxc5 13. Bxc5 Ng6 14. Ba3 Nf4 15. Nb5
Nxe2+ 16. Qxe2 Qd7 17. Nxe5 Qd8 18. Nd6+ 1-0

[Event "AUTO-ADV-3084"]
[Site "http://www.queenalice.com/game.php?id=1258924"]
[Date "2014.2.22"]
[Round "1"]
[White "Savage72"]
[Black "alvm"]
[Result "0-1"]
[WhiteElo "1958"]
[BlackElo "1809"]

1. e4 c6 2. d4 d5 3. e5 Bf5 4. Bd3 Bxd3 5. Qxd3 e6 6. Nf3 Nd7 7. O-O Be7 8. c3
Qc7 9. Ng5 h6 10. Qh3 Bxg5 11. Bxg5 Ne7 12. Bxe7 Kxe7 13. Nd2 c5 14. Rac1 Rae8
15. Nf3 Kd8 16. Qg3 g5 17. a3 f6 18. exf6 Qxg3 19. fxg3 Ref8 20. Ne5 Rh7 21. f7
Nxe5 22. dxe5 Rhxf7 23. Rxf7 Rxf7 24. Rf1 Rxf1+ 25. Kxf1 Ke7 26. g4 Kd7 27. Ke2
Kc6 28. Kd3 b5 29. b4 cxb4 30. axb4 Kb6 31. Kd4 a6 32. g3 a5 33. bxa5+ Kxa5 34.
h4 Kb6 35. Ke3 Kc5 36. Kd3 b4 37. cxb4+ Kxb4 38. Kd4 Kb5 39. Kc3 Kc5 40. Kd3 d4
0-1

[Event "AUTO-ADV-3109"]
[Site "http://www.queenalice.com/game.php?id=1268257"]
[Date "2014.3.26"]
[Round "1"]
[White "solzhenitsyn"]
[Black "Savage72"]
[Result "1/2-1/2"]
[WhiteElo "1964"]
[BlackElo "1948"]

1. d4 Nf6 2. c4 g6 3. Nc3 d5 4. Bg5 c6 5. Bxf6 exf6 6. Nf3 Bg7 7. e3 Be6 8. cxd5
cxd5 9. Bb5+ Nc6 10. Qa4 Qb6 11. O-O O-O 12. Bxc6 bxc6 13. b4 Rfb8 14. a3 a5 15.
bxa5 Rxa5 16. Qc2 Qa6 17. a4 Bg4 18. Nd2 Be2 19. Nxe2 Qxe2 20. Rae1 Qg4 21. Qxc6
Qe6 22. Qxe6 fxe6 23. Ra1 Rb4 24. Rfc1 Bf8 25. h3 Rbxa4 26. Rxa4 Rxa4 27. Nf3
Kf7 28. Rc7+ Be7 29. g3 h5 30. Kg2 g5 31. g4 h4 32. Rb7 Rc4 1/2-1/2

[Event "AUTO-ADV-3109"]
[Site "http://www.queenalice.com/game.php?id=1268258"]
[Date "2014.3.26"]
[Round "1"]
[White "Savage72"]
[Black "solzhenitsyn"]
[Result "1-0"]
[WhiteElo "1936"]
[BlackElo "1909"]

1. e4 c5 2. Nc3 e6 3. g3 Nc6 4. Bg2 Nf6 5. d3 Ne5 6. h3 Be7 7. Be3 O-O 8. Qd2 b6
9. f4 Nc6 10. Nce2 e5 11. c3 d6 12. Nf3 Ba6 13. g4 Re8 14. Ng3 c4 15. d4 exd4
16. Nxd4 Nxd4 17. Bxd4 Bb7 18. Kf2 Nd7 19. g5 Nc5 20. Bxc5 dxc5 21. Qxd8 Raxd8
22. Rad1 Rd3 23. Nf5 Bf8 24. Ng3 Red8 25. Rxd3 cxd3 26. Rd1 c4 27. e5 Bc5+ 28.
Kf1 Bxg2+ 29. Kxg2 d2 30. Ne4 Be3 31. Kf3 Bc5 32. Nxc5 bxc5 33. Ke2 h6 34. Rxd2
Rxd2+ 35. Kxd2 hxg5 36. fxg5 Kh7 37. Ke3 Kg6 38. Kf4 a6 39. h4 1-0

[Event "AUTO-ADV-3109"]
[Site "http://www.queenalice.com/game.php?id=1268271"]
[Date "2014.3.26"]
[Round "1"]
[White "ACamargo"]
[Black "Savage72"]
[Result "0-1"]
[WhiteElo "1727"]
[BlackElo "1951"]

1. d4 d6 2. c4 Nf6 3. Nc3 Nbd7 4. Nf3 e5 5. d5 c6 6. e4 h6 7. Bd3 Qc7 8. O-O Be7
9. Re1 g5 10. h3 Nf8 11. Be3 Ng6 12. Rc1 Nf4 13. Bxf4 gxf4 14. Re2 Rg8 15. Kh1
Nh7 16. dxc6 bxc6 17. Ng1 Ng5 18. b3 Bd7 19. Rb2 Qc8 20. Bf1 Rb8 21. b4 a5 22.
a3 axb4 23. axb4 Qb7 24. Rcb1 Qa7 25. Qe2 Qd4 26. Qd3 Qxd3 27. Bxd3 h5 28. Be2
h4 29. Nf3 Nxf3 30. Bxf3 Be6 31. Be2 f5 32. b5 cxb5 33. cxb5 Kf7 34. Bf3 fxe4
35. Bxe4 Kf6 36. b6 Rgc8 37. Nd5+ Bxd5 38. Bxd5 Rc5 39. Bf3 d5 40. b7 e4 41. Bg4
Ke5 42. Bc8 d4 43. Kg1 e3 0-1

[Event "AUTO-ADV-3109"]
[Site "http://www.queenalice.com/game.php?id=1268272"]
[Date "2014.3.26"]
[Round "1"]
[White "Savage72"]
[Black "ACamargo"]
[Result "1-0"]
[WhiteElo "1910"]
[BlackElo "1961"]

1. e4 e5 2. Bc4 Nf6 3. d4 exd4 4. Nf3 Bc5 5. O-O O-O 6. Bg5 d6 7. Nxd4 h6 8. Bh4
Bxd4 9. Qxd4 Nbd7 10. Nc3 Nb6 11. Bb3 Be6 12. f4 c5 13. Qe3 Bxb3 14. axb3 Nbd7
15. Nd5 Re8 16. Nxf6+ Nxf6 17. Rad1 d5 18. e5 Qb6 19. Bxf6 gxf6 20. Rxd5 Rac8
21. Qg3+ Kh7 22. Kh1 Qb5 23. Rfd1 Rg8 24. Qf3 f5 25. Rd7 Rg7 26. Rxb7 Qa5 27.
Qd3 Rcg8 28. Qxf5+ Kh8 29. Qf6 Kh7 30. Rxf7 Qb6 31. Rd6 1-0

[Event "AUTO-ADV-3109"]
[Site "http://www.queenalice.com/game.php?id=1268279"]
[Date "2014.3.26"]
[Round "1"]
[White "albertopontello"]
[Black "Savage72"]
[Result "1-0"]
[WhiteElo "1900"]
[BlackElo "1867"]

1. e4 d6 2. h3 Nf6 3. d3 h6 4. Nf3 e5 5. Nc3 Nbd7 6. Be2 c6 7. Be3 Be7 8. Qd2
Qc7 9. Nh4 g6 10. g4 Nb6 11. Ng2 g5 12. O-O-O Be6 13. h4 Nh7 14. hxg5 Nxg5 15.
Rh5 O-O-O 16. Rdh1 Rdg8 17. Rxh6 Rxh6 18. Rxh6 Kb8 19. Kb1 f6 20. f4 exf4 21.
Nxf4 Bf7 22. Bd4 Bf8 23. Rxf6 Bg7 24. Bxb6 axb6 25. Rf5 Be5 26. Ng2 Be6 27. Rxg5
1-0

[Event "AUTO-ADV-3109"]
[Site "http://www.queenalice.com/game.php?id=1268280"]
[Date "2014.3.26"]
[Round "1"]
[White "Savage72"]
[Black "albertopontello"]
[Result "1-0"]
[WhiteElo "1951"]
[BlackElo "1899"]

1. e4 e5 2. Bc4 Nf6 3. d4 Nxe4 4. dxe5 Qh4 5. Bxf7+ Kxf7 6. g3 Qe7 7. Qd5+ Qe6
8. Qxe4 Nc6 9. Nf3 h6 10. Nc3 Bb4 11. Bd2 Re8 12. O-O d6 13. a3 Bxc3 14. Bxc3
Bd7 15. Rae1 Qh3 16. Qf4+ Bf5 17. Re2 g5 18. Qc4+ Be6 19. Qb5 Bd5 20. Qxd5+ Kf8
21. Rfe1 Ne7 22. Qxb7 Qd7 23. exd6 Qxd6 24. Bb4 Qf6 25. Bxe7+ Rxe7 26. Qxa8+ 1-0

[Event "AUTO-ADV-3131"]
[Site "http://www.queenalice.com/game.php?id=1275444"]
[Date "2014.4.23"]
[Round "1"]
[White "SAMOEL"]
[Black "Savage72"]
[Result "1-0"]
[WhiteElo "1827"]
[BlackElo "1928"]

1. e4 d6 2. d4 Nf6 3. Nc3 Nbd7 4. Nf3 e5 5. d5 h6 6. Bb5 a6 7. Bxd7+ Bxd7 8. h3
c6 9. O-O Qc7 10. Re1 Be7 11. b4 g5 12. Nh2 Qc8 13. a4 Rg8 14. Bb2 g4 15. h4 h5
16. Na2 g3 17. fxg3 Rxg3 18. Qd2 Bh3 19. Re2 Qd7 20. Rf1 Ng4 21. Rf3 Bxh4 22.
Rxg3 Bxg3 23. Nf3 1-0

[Event "AUTO-ADV-3131"]
[Site "http://www.queenalice.com/game.php?id=1275445"]
[Date "2014.4.23"]
[Round "1"]
[White "Savage72"]
[Black "SAMOEL"]
[Result "0-1"]
[WhiteElo "1950"]
[BlackElo "1805"]

1. e4 e5 2. Bc4 Nf6 3. d4 Nxe4 4. dxe5 Bc5 5. Qd5 Bxf2+ 6. Ke2 O-O 7. Qxe4 Bh4
8. Nf3 Be7 9. Nc3 Re8 10. Be3 Bb4 11. Bxf7+ Kxf7 12. Qxb4 d6 13. Rhf1 Kg8 14.
Rad1 Bg4 15. h3 Bh5 16. g4 Bg6 17. Qxb7 Nd7 18. Qd5+ Kh8 19. Ng5 Rxe5 20. Nf7+
Bxf7 21. Qxf7 Nf6 22. Rf3 c6 23. Kf2 d5 0-1

[Event "AUTO-ADV-3131"]
[Site "http://www.queenalice.com/game.php?id=1275458"]
[Date "2014.4.23"]
[Round "1"]
[White "Givanildo"]
[Black "Savage72"]
[Result "0-1"]
[WhiteElo "1645"]
[BlackElo "1852"]

1. c3 d6 2. d4 Nd7 3. g3 Ngf6 4. Bg2 e5 5. dxe5 dxe5 6. Bg5 h6 7. Bxf6 Qxf6 8.
Nf3 Qb6 9. O-O Qxb2 10. Nbd2 Qxc3 11. Rc1 Qa5 12. Nc4 Qb5 13. e4 Be7 14. Qe2 O-O
15. Ncxe5 Qxe2 16. Nxd7 Bxd7 17. Rxc7 Qb5 18. Nd4 Qa4 19. Nf3 b6 20. Ne5 Bd6 21.
Rc4 Qxa2 22. Nxd7 Qxc4 23. Nxf8 Kxf8 24. f4 Rd8 25. e5 Bc5+ 26. Rf2 Rd1+ 27. Bf1
Bxf2+ 28. Kxf2 Qxf1+ 29. Ke3 Qd3+ 30. Kf2 Rd2+ 31. Ke1 Qe2# 0-1

[Event "AUTO-ADV-3131"]
[Site "http://www.queenalice.com/game.php?id=1275459"]
[Date "2014.4.23"]
[Round "1"]
[White "Savage72"]
[Black "Givanildo"]
[Result "0-1"]
[WhiteElo "1860"]
[BlackElo "1645"]

1. e4 c6 2. d4 d5 3. e5 Be6 4. Bd3 g6 5. Nf3 h6 6. c3 Bg7 7. Be3 Nd7 8. Nbd2 f5
9. Qc2 Bf7 10. Nb3 e6 11. O-O-O g5 12. h3 Bh5 13. Rdg1 f4 14. Bd2 Ne7 15. Nh2
Qb6 16. Ng4 O-O-O 17. f3 Nf5 18. Bxf5 exf5 19. Qxf5 Bxg4 20. Qxg4 Bf8 21. h4 Be7
22. hxg5 Bxg5 23. Bxf4 Bxf4+ 24. Qxf4 Rhf8 25. Qxh6 a5 26. e6 Rh8 27. exd7+ Kb8
28. Qd6+ Ka7 29. Nc5 Rhg8 30. Ne6 Rg6 31. Qe7 Rxe6 32. Qxe6 a4 0-1

[Event "AUTO-ADV-3131"]
[Site "http://www.queenalice.com/game.php?id=1275468"]
[Date "2014.4.23"]
[Round "1"]
[White "Savage72"]
[Black "Gosiulkaa"]
[Result "1-0"]
[WhiteElo "1928"]
[BlackElo "2020"]

1. e4 e5 2. Bc4 Nf6 3. d4 Nxe4 4. dxe5 Bc5 5. Qd5 Qe7 6. Qxe4 O-O 7. Nf3 d6 8.
Nc3 dxe5 9. Nd5 Qd6 10. Bg5 c6 11. Nc3 Be6 12. Rd1 Qc7 13. Bxe6 fxe6 14. O-O Nd7
15. a3 h6 16. Be3 Be7 17. Bxh6 gxh6 18. Qg6+ Kh8 19. Qxh6+ 1-0

[Event "AUTO-ADV-3131"]
[Site "http://www.queenalice.com/game.php?id=1275469"]
[Date "2014.4.23"]
[Round "1"]
[White "Gosiulkaa"]
[Black "Savage72"]
[Result "1-0"]
[WhiteElo "1988"]
[BlackElo "1965"]

1. e4 d6 2. d4 Nf6 3. Nc3 Nbd7 4. Bg5 h6 5. Bxf6 exf6 6. Nf3 c6 7. Bd3 Qc7 8.
O-O Be7 9. Re1 O-O 10. h3 Nb6 11. e5 dxe5 12. dxe5 fxe5 13. Nxe5 Bf6 14. Qh5 Be6
15. f4 Rae8 16. Ne4 Nd5 17. Nxf6+ Nxf6 18. Qf3 Bd5 19. Qg3 Rd8 20. a3 a5 21.
Rad1 Qb6+ 22. Kh1 Qc7 23. Ng4 Nh5 24. Qh4 Nxf4 25. Ne3 Nxd3 26. Rxd3 Be6 27.
Red1 1-0